000 00649nam a2200229 4500
003 OSt
005 20260601193856.0
008 260505b1991 xxua|||| |||| 00| 0 eng d
020 _a0201550423
040 _aICI
_bspa
_cICI
041 _aeng
050 _aHD69.B7
_bL36 1991
100 1 _aChaet, Clive,
_eautor
_933008
245 1 _aImage by design /
_cClive Chaet y Tom Shachtman
264 _aMassachusetts,
_bAddison - Wesley Publishing Co.
_c1991
300 _a216 páginas:
336 _atexto
_2rdacontent
337 _asin medio
_2rdamedia
338 _avolumen
_2rdacarrier
700 _aShachtman, Tom,
_eautor
_933009
942 _2ddc
_cB
_n1
999 _c22042
_d22042